| 000 | 00711nam a2200217 a 4500 | ||
|---|---|---|---|
| 001 | 46508 | ||
| 003 | BD-RjUL | ||
| 005 | 20250424100506.0 | ||
| 008 | 160802s1962 pk 000 0 eng d | ||
| 035 | _a(BD-RjUL)46627 | ||
| 040 |
_aDLC _cCUY _dBD-RjUL _beng |
||
| 041 | _aeng | ||
| 082 |
_223 _bPAR 1962 _a342.549 |
||
| 110 | 1 |
_aPakistan. _bConstitution Commission. _9172940 |
|
| 245 | 1 | 0 |
_aReport of the Constitution Commission, Pakistan, 1961 / _cPakistan Constitution Commission |
| 260 |
_aKarachi : _bManager of Publications, _c1961, 1962 |
||
| 300 |
_a178 p. ; _c25 cm. |
||
| 650 | 0 |
_aConstitutional law _zPakistan. _9141385 |
|
| 650 | 0 |
_aConstitutional history _zPakistan _vSources _9141894 |
|
| 942 |
_2ddc _cBK |
||
| 999 |
_c46508 _d46508 |
||